[Event "22nd Mediterranean Flowers 2022"]
[Site "Rijeka"]
[Date "2022.03.11"]
[Round "8.3"]
[White "Radeva, Viktoria"]
[Black "Zimina, Olga"]
[Result "1/2-1/2"]
[WhiteElo "2261"]
[BlackElo "2340"]
[Annotator "TA"]
[PlyCount "51"]
[EventDate "2022.03.07"]
[EventType "tourn"]
[EventCountry "CRO"]
[SourceTitle "playchess.com"]
[Source "ChessBase"]
[SourceQuality "1"]

{[%evp 10,51,23,31,41,15,16,22,15,31,22,16,23,20,14,10,13,12,17,-20,17,35,45,41,56,50,93,56,64,46,47,33,33,36,30,4,8,0,2,0,0,0,11,11]} 1. e4 c6 2. Nc3 d5 3. Nf3 dxe4 4. Nxe4 Nf6 5. Qe2 Nxe4 6. Qxe4 Nd7 {B11: Caro-Kann: Two Knights Variation.} 7. Bc4 Nf6 {[#]} 8. Ne5 $1 {[%csl Ge5][%cal Rc4f7]} e6 9. Qe2 b5 10. Bb3 ({Much worse is} 10. Nxc6 Qc7 11. Bd3 (11. Bxb5 $2 a6 $17) 11... a6 $15) 10... Qc7 11. d4 Bd6 12. O-O O-O 13. Bf4 a5 14. c4 bxc4 (14... a4 $5 {[%cal Ra4b3]} 15. c5 Bxc5 16. dxc5 axb3 17. axb3 Rxa1 18. Rxa1 Nd5 $11) 15. Bxc4 {[#]} c5 $146 ({Predecessor:} 15... Nd5 16. Bg3 Bb7 17. Rac1 Qe7 18. Qh5 Bxe5 19. Bxe5 Ba6 20. b3 Rfd8 21. Qe2 Bb5 {1-0 (50) Quesada Perez,Y (2565)-Krysa,L (2527) Krasnaya Polyana 2021}) 16. dxc5 Qxc5 17. Rfd1 {[%cal Oe5d7] Black must now prevent Nd7!} Bb7 (17... Nd5 $14 {deserves consideration.} 18. Bg3 Bxe5 19. Bxe5 Rd8) 18. Rac1 {[%cal Oe5d7,Ba1c1,Bc1c3,Bc3g3][%mdl 32] White is more active.} Bxe5 19. Bxe5 {[#] Bb5 is the strong threat.} Rfc8 20. Bxf6 gxf6 21. Rc3 {[%cal Oc4e6] aiming for Bxe6!} Qe5 (21... Qg5 $2 22. Rg3 Rd8 23. Rxg5+ $18) 22. Rg3+ Kh8 {The position is equal.} 23. Qxe5 fxe5 24. b3 Rc7 {To avoid Rd7} 25. h4 h6 26. Rgd3 {Weighted Error Value: White=0.09 (flawless) /Black=0.07 (flawless)} 1/2-1/2

[Event "22nd Mediterranean Flowers 2022"]
[Site "Rijeka"]
[Date "2022.03.11"]
[Round "8.5"]
[White "Radikovic, Anamarija"]
[Black "Kubicka, Anna"]
[Result "1-0"]
[WhiteElo "2121"]
[BlackElo "2266"]
[Annotator "TA"]
[PlyCount "101"]
[EventDate "2022.03.07"]
[EventType "tourn"]
[EventCountry "CRO"]
[SourceTitle "playchess.com"]
[Source "ChessBase"]
[SourceQuality "1"]

{[%evp 9,101,28,38,0,8,-3,16,15,14,-6,3,-7,4,9,10,4,11,10,51,51,60,54,48,52,55,51,84,59,43,34,41,42,38,31,41,18,26,26,44,37,90,92,103,112,98,106,159,120,216,103,154,152,224,239,231,235,379,375,536,539,531,513,500,521,525,508,523,537,522,527,527,516,558,553,555,542,994,1081,1059,1020,29950,29956,29954,29956,29956,29955,29957,29956,29959,29959,6129,6436,4714,1960]} 1. e4 c5 2. Nc3 a6 3. Nge2 Nf6 4. g3 b5 5. Bg2 Bb7 6. d3 {B23: Closed Sicilian: Lines without g3.} e6 7. O-O d6 8. f4 {The position is equal.} Qc7 9. h3 Be7 10. Be3 b4 11. Na4 {[#]} a5 $146 ({Predecessor:} 11... Nbd7 12. g4 h6 13. Ng3 Nh7 14. f5 e5 15. b3 Nhf8 16. Nb2 Nb6 17. Nh5 O-O-O 18. Nxg7 {½-½ (41) Concio,M (1926)-Quizon,D (2035) San Antonio 2014}) 12. c3 h6 13. a3 bxa3 (13... Na6 $11 {deserves consideration.}) 14. bxa3 $14 Nbd7 15. Rb1 O-O 16. c4 {[%cal Ob1b7] Rxb7! is the strong threat.} Bc6 17. Nac3 Nb6 18. f5 exf5 19. Rxf5 Nbd7 20. Nb5 Qd8 21. Nec3 Ne5 22. Qe2 Bd7 23. Rff1 Be6 24. Nd5 Bxd5 (24... a4 $14) 25. exd5 $16 Ng6 26. d4 {[#] Strongly threatening dxc5.} cxd4 27. Nxd4 Nh7 (27... Nd7 $142) 28. Rb7 {White is much more active. Black has bad knights.} Bg5 (28... Qc8 $16 29. Rb6 Re8) 29. Bf2 (29. Bxg5 $18 Nxg5 30. c5) 29... Re8 (29... Qc8 $142 30. Rb5 Bf6) 30. Qc2 $36 {[%cal Od4e6][%mdl 2048] And now Ne6! would win. White is really pushing.} ({Don't play} 30. Qf3 $6 Ne5 31. Qb3 Qc8 $16) 30... Bf6 (30... Qc8 $16 {was necessary.} 31. Rfb1 Ne5) 31. Nc6 Qc8 32. Rfb1 Ne5 {[#]} (32... Ng5 $142) 33. Be4 $1 $18 {[%cal Bg2e4,Be4h7,Bh7f5][%mdl 32]} Qxh3 (33... Nf8 {was called for.} 34. Bf5 Ned7) 34. Bxh7+ {This bishop pair is nice.} Kh8 {[%cal Re5f3]} 35. Nxe5 Rxe5 36. Rb8+ Re8 37. Rxa8 Rxa8 38. Qf5 {Inhibits Qg4.} Qxf5 39. Bxf5 g6 40. Bd3 a4 41. Rb7 Kg7 42. Kg2 Re8 43. c5 dxc5 44. d6 {[%cal Bd5d6,Bd6d7][%mdl 32]} Bd4 45. Bxd4+ cxd4 {KRB-KR} 46. Rb4 Kf6 47. Rxd4 Rd8 48. d7 Ke5 49. Re4+ Kd5 50. Re7 f5 51. Bb5 {Weighted Error Value: White=0.07 (flawless) /Black=0.43} 1-0

[Event "22nd Mediterranean Flowers 2022"]
[Site "Rijeka"]
[Date "2022.03.12"]
[Round "9.1"]
[White "Kubicka, Anna"]
[Black "Kejzar, Petra"]
[Result "1-0"]
[WhiteElo "2266"]
[BlackElo "2031"]
[Annotator "ChessBase"]
[PlyCount "51"]
[EventDate "2022.03.07"]
[EventType "tourn"]
[EventCountry "CRO"]
[SourceTitle "playchess.com"]
[Source "ChessBase"]
[SourceQuality "1"]
[TimeControl "5400+30"]

1. e4 {[%emt 0:00:02]} c5 {[%emt 0:00:04]} 2. Nf3 {[%emt 0:00:05]} e6 {[%emt 0:00:10]} 3. d4 {[%emt 0:00:05]} cxd4 {[%emt 0:00:02]} 4. Nxd4 {[%emt 0:00:05]} Nc6 {[%emt 0:00:05]} 5. Nc3 {[%emt 0:00:10]} a6 {[%emt 0:01:18]} 6. Nxc6 {[%emt 0:00:45]} bxc6 {[%emt 0:00:39]} 7. Bd3 {[%emt 0:00:05]} Qc7 {[%emt 0:01:13]} 8. O-O {[%emt 0:00:29]} Nf6 {[%emt 0:00:14]} 9. Qe2 {[%emt 0:02:35]} h5 {[%emt 0:01:53]} 10. e5 {[%emt 0:08:31]} Ng4 {[%emt 0:00:34]} 11. Bf4 {[%emt 0:01:20]} g5 {[%emt 0:13:34]} 12. Bxg5 {[%emt 0:05:10]} Rg8 {[%emt 0:05:34]} 13. Bf4 {[%emt 0:01:37]} f6 {[%emt 0:09:05]} 14. h3 {[%emt 0:03:48]} Nxe5 {[%emt 0:06:51]} 15. Qxh5+ {[%emt 0:01:20]} Kd8 {[%emt 0:01:00]} 16. Ne4 {[%emt 0:16:18]} Be7 {[%emt 0:02:39]} 17. Rfe1 {[%emt 0:02:00]} d6 {[%emt 0:02:14]} 18. Qh7 {[%emt 0:01:29]} Rf8 {[%emt 0:01:25]} 19. Bh6 {[%emt 0:06:07]} Rf7 {[%emt 0:02:24]} 20. Qg8+ {[%emt 0:00:34]} Kd7 {[%emt 0:00:11]} 21. Nc5+ {[%emt 0:05:28]} dxc5 {[%emt 0:00:07]} 22. Rxe5 {[%emt 0:03:52]} Qxe5 {[%emt 0:01:17]} 23. Qxf7 {[%emt 0:00:05]} Kd8 {[%emt 0:07:06]} 24. Rd1 {[%emt 0:02:18]} Bd6 {[%emt 0:05:18]} 25. g3 {[%emt 0:00:46]} Qxb2 {[%emt 0:06:26]} 26. Bg6 {[%emt 0:01:28]} 1-0

[Event "22nd Mediterranean Flowers 2022"]
[Site "Rijeka"]
[Date "2022.03.12"]
[Round "9.4"]
[White "Toncheva, Nadya"]
[Black "Radeva, Viktoria"]
[Result "1/2-1/2"]
[WhiteElo "2207"]
[BlackElo "2261"]
[Annotator "TA"]
[PlyCount "133"]
[EventDate "2022.03.07"]
[EventType "tourn"]
[EventCountry "CRO"]
[SourceTitle "playchess.com"]
[Source "ChessBase"]
[SourceQuality "1"]

{[%evp 13,133,11,12,10,9,2,11,11,77,67,67,72,63,62,71,74,71,75,69,70,89,89,91,93,97,65,127,129,129,64,80,76,67,72,72,67,78,79,86,86,94,93,93,86,90,101,95,85,93,78,84,20,105,33,34,28,32,38,34,16,26,0,0,0,25,0,0,0,0,0,0,0,16,32,45,44,41,20,37,49,48,9,43,7,81,8,45,52,44,60,199,214,513,454,543,536,451,312,466,454,488,486,402,309,307,234,254,242,251,241,241,236,250,229,273,77,77,77,83,91,105,122]} 1. e4 e6 2. d4 d5 3. Nd2 c5 4. Ngf3 cxd4 5. Nxd4 Nf6 6. exd5 Nxd5 $1 {[%mdl 4] is more profitable than 6...Qxd5 at the moment.} 7. N2f3 Be7 8. c4 {C07: French Tarrasch: 3...c5, 4 Ngf3 and 4 exd5 Qxd5.} Nf6 9. Be2 O-O {[%cal Oe6e5]} 10. O-O {The position is equal.} Nc6 (10... b6 $11) 11. Nxc6 $1 $16 bxc6 12. Qxd8 Rxd8 13. Ne5 Bb7 14. Bf3 Rac8 {[#]} 15. Be3 $146 ({Predecessor:} 15. Bf4 Nd7 16. Rfd1 Nxe5 17. Bxe5 Ba6 18. b3 c5 19. Kf1 Kf8 20. Ke2 f6 21. Bf4 {½-½ (51) Beerdsen,T (2414)-L'Ami,E (2606) Dieren 2016}) 15... Bd6 16. Nd3 {White is more active.} Ba6 17. b3 c5 18. Rad1 {[%cal Od3c5]} Rd7 19. Rd2 Kf8 ({Better is} 19... Bb7 $14) 20. Rfd1 {[%cal Od3c5]} Ke7 21. Nb2 (21. Kf1 $16) 21... Be5 $14 22. Na4 Rxd2 23. Rxd2 Bd6 24. g3 Nd7 25. Bg2 f5 26. f4 Rc7 27. Nc3 Rc8 28. Re2 Nf6 29. Bf3 Kf7 30. Kg2 g6 31. Bf2 Rb8 32. Re1 (32. Rd2 $16 Be7 33. Na4) 32... Nd7 (32... Bb7 $11) 33. Na4 (33. Nb5 $16 Bxb5 34. cxb5) 33... Bb7 34. Rd1 Bxf3+ 35. Kxf3 Ke7 36. Nb2 Nf6 37. Nd3 Ne4 38. Be1 h6 39. Rb1 Kd7 40. a3 g5 41. b4 gxf4 42. gxf4 Rg8 43. Rd1 Kc7 44. b5 Rg4 45. h3 Rg8 46. a4 Kb7 47. Bh4 {Black should prevent Nf2.} Bc7 (47... Nc3 $5 {[%cal Rc3d1]} 48. Re1 Ne4 $11) 48. Nf2 (48. Bf2 $5 {[%cal Rd3c5]}) 48... Nc3 (48... Nd6 $11 {remains equal.}) 49. Ra1 (49. Rd7 $16) 49... e5 50. fxe5 Bxe5 {[%cal Oc3e2]} 51. Re1 {Inhibits Ne2.} Bd4 (51... Bc7 $1 $14) 52. a5 $1 $18 Bxf2 $2 (52... Ka8 53. Bg3 a6) 53. Re7+ ({Not} 53. Bxf2 Ne4 $16) 53... Kb8 54. Bxf2 {[%mdl 4096] Endgame KRB-KRN} Ne4 55. Rd7 {Inhibits Nd2+.} Ng5+ (55... a6 $142 56. b6 (56. bxa6 Ka8 $16) 56... Re8) 56. Ke2 Re8+ 57. Kd3 Ne6 58. Kd2 f4 59. Rd5 Ng5 {...Ne4+ is the strong threat.} 60. Bxc5 f3 61. Kd3 {Hoping for a6.} Ne6 62. Bd6+ Ka8 {[%cal Oe6f4] aiming for ...Nf4+!} 63. Rf5 {Inhibits Nf4+. Strongly threatening c5.} Rd8 {[#]} 64. c5 $2 (64. Ke4 $1 $18 Rxd6 65. Ke5) 64... Nxc5+ $16 {White is better.} 65. Rxc5 Rxd6+ 66. Ke3 {Threatens to win with a6.} Rf6 {[#] White must now prevent ...f2.} 67. Kf2 $1 {Weighted Error Value: White=0.16 (very precise) /Black=0.27 (precise)} 1/2-1/2